Responses for Show #6198 - Wednesday, July 20, 2011

Mark Runsvold game 4.

Contestants

[<< previous game]

Zac Youngblood, a truck driver from Austin, Texas

Maria Boyland, a social studies and English teacher from Rockaway Park, New York

Mark Runsvold, a student and waiter from Moscow, Idaho (whose 3-day cash winnings total $124,201)

[next game >>]

Jeopardy! Round responses

PRESIDENTS BY FIRST NAME
CELEBS WE'D LIKE TO SEE ON REALITY SHOWS
THEY HELD UP
ATTILA THE HUNGRY
WHO PAINTED WHOM?
SYNONYMS ON THE INSIDE
    $200 7
Taylor

Zac
    $200 22
American Idol

Zac
    $200 17
(Joseph) McCarthy

Mark
    $200 12
eggs

Triple Stumper
    $200 1
(Zac: Who is Picasso?)

(Frida) Kahlo

MarkZac
    $200 5
(Mark: What is [pause] valent?)

equal (in equivalent)

MarkZac
    $400 8
Jackson and Johnson

Mark
    $400 23
Jersey Shore

Zac
    $400 18
John Dillinger

Mark
    $400 25
quiche

Zac
    $400 2
(Paul) Gauguin

Mark
    $400 6
dead (in deceased)

Maria
    $600 9
(Maria: Who is Henry Harrison and Taft?)
(Alex: It said 3...)
(Maria: Oh! Umm...)

Taft, William Henry Harrison, and Clinton (and McKinley)

MarkMaria
    $600 24
Dog the Bounty Hunter

Maria
    $600 19
John McCain

Zac
    $600 30
chestnuts

Mark
    $600 3
Lautrec

Zac
    $600 14
frail (in fragile)

Mark
    $800 10
Tyler

Mark
    $800 26
Last Comic Standing

Zac
    $800 20
a parable

Mark
    $800 29
asparagus

Zac
    $1,000 4
(Jan) Vermeer

Zac
    $800 15
male (in masculine)

Mark
    $1000 11
Jefferson and Wilson

Maria
    $1000 27
Hard Knocks

Zac
    $1000 21
Atlas

Mark
    $1000 28
a calzone

Zac
    $1000 13
Picasso

Zac
    $1000 16
is (in exists)

Maria

Scores at the first commercial break (after clue 16):

Mark Maria Zac
$3,600 $1,800 $2,800

Scores at the end of the Jeopardy! Round:

Mark Maria Zac
$6,600 $2,400 $8,000

Double Jeopardy! Round responses

BUSINESS & FINANCE ABBREV.
SONGS FROM MUSICALS
THE STYLE OF ELEMENTS
THAT'S "RIGHT"!
LOUIS, LOUIS
WE GOTTA GO
    $400 26
Initial Public Offering

Zac
    $400 1
Guys and Dolls

Maria
    $400 16
potassium

Mark
    $400 21
the right guard

Zac
    $400 5
(Louis) Braille

Mark
    $400 4
Taiwan

Mark
    $800 27
Chief Operating Officer

Zac
    $800 2
Annie

Zac
    $800 17
hydrogen & nitrogen

Zac
    $800 22
states' rights

Maria
    $800 6
Joe Louis

Maria
    $800 9
Hawaii

Zac
    $1200 28
Profit and Loss

Maria
    $1200 3
Cabaret

Mark
    $1200 18
chlorine

Mark
    $1200 23
right as rain

Maria
    $1200 13
Farrakhan

Mark
    $4,000 10
(Zac: What is Honduras?)

Guatemala

Zac
    $1600 29
Return On Investment

Zac
    $1600 7
(Alex: [*]. Big hit.)

Dreamgirls

Triple Stumper
    $5,400 19
calcium

Mark
    $1600 24
a right-hand man

Zac
    $1600 14
Tiffany

Mark
    $1600 11
India

Mark
    $2000 30
Earnings Per Share

Mark
    $2000 8
(Mark: What is Camelot?)

Spamalot

MarkMaria
    $2000 20
(Alex: [*] is right, and I look good out there, don't I?)

magnesium

Mark
    $2000 25
the Universal Declaration of Human Rights

Mark
    $2000 15
Malle

Maria
    $2000 12
Sinai

Mark

Scores at the end of the Double Jeopardy! Round:

Mark Maria Zac
$26,000 $10,800 $11,200
(lock game)

[wagering suggestions for these scores]

Final Jeopardy! Round responses

SPORTS MOVIES
MariaWho were the Bad News Bears?
$5,400
ZacWho are the the Bad News Bears?
$11,200
MarkWho aer the Bad News Bears?
$3,599
The Bad News Bears

Final scores:

Mark Maria Zac
$29,599 $16,200 $22,400
4-day champion: $153,800 3rd place: $1,000 2nd place: $2,000

Game dynamics:

Coryat scores:

Mark Maria Zac
$22,200 $10,800 $15,000
25 R
(including 1 DD),
2 W
11 R,
1 W
21 R
(including 1 DD),
2 W
(including 1 DD)

Combined Coryat: $48,000

[game clues] [game scores] [suggest correction]

Game tape date: 2011-03-22
The J! Archive is created by fans, for fans. Scraping, republication, monetization, and malicious use prohibited; this site may use cookies and collect identifying information. See terms. The Jeopardy! game show and all elements thereof, including but not limited to copyright and trademark thereto, are the property of Jeopardy Productions, Inc. and are protected under law. This website is not affiliated with, sponsored by, or operated by Jeopardy Productions, Inc. Join the discussion at JBoard.tv.